000 00247nam a22001097a 4500
008 140109t xxu||||| |||| 00| 0 eng d
100 _aSyed Abul ala maududi
_9598
245 _aTafheem ul Quran
300 _a340
440 _v2
_9599
942 _2ddc
_cBK
999 _c16862
_d16862